00885 a2200169 45000010006000000050017000060080041000230030015000640400040000790800117001192450069002360200018003052640096003233000019004195050191004381000086006295952620260407155849.0260407a1986 arg spa dAR-UNSa-BCEJYS aAR-UNSa-BCEJYSbspacAR-UNSa-BCEJYS a338.2xPolítica económica. Control de la economía. Gestión de la economía. Planificación económica10aTres ensayos sobre inflación y políticas de estabilización a92-1-321220-8 1aSantiago de Chile :bCEPAL (Comisión Económica para América Latina y el Caribe)c1986 a208 p.c22 cm. a1. Inflación y políticas de estabilización – 2. Las grandes inflaciones: características y estabilización – 3. El plan austral: una experiencia de estabilización de shock1 aNaciones Unidas. Comisión Económica para América Latina y el Caribe (CEPAL)